000
00206nam a22000857a 4500
008
170131b xxu||||| |||| 00| 0 eng d
100
_9
2686
_a
NCERT
245
_a
Chemistry-Part-1
260
_a
New delhi
_b
NCERT
_c
2009
999
_c
5847
_d
5847